Violence in America : historical & comparative perspectives /

Saved in:
Bibliographic Details
Main Author: Graham, Hugh D. (Hugh Davis), 1936-
Corporate Authors: United States. National Commission on the Causes and Prevention of Violence. Task Force on Historical and Comparative Perspectives, United States. National Commission on the Causes and Prevention of Violence
Other Authors: Gurr, Ted Robert, 1936-
Format: Book
Language:English
Published: Beverly Hills, Calif. : Sage Publications, c1979.
Edition:Rev. ed.
Subjects:
LEADER 01685nam a2200373 i 4500
001 c000329922
003 CARM
005 00000000000000.0
008 780927s1979 caua b 00110 eng
019 1 |a 1276620  |5 LACONCORD2021 
020 |a 0803909632. 
020 |a 0803909640 (pbk.) 
035 |a (OCoLC)4497179  |5 LACONCORD2021 
040 |d NSL 
043 |a n-us--- 
050 0 0 |a HN90.V5  |b G7 1979 
082 1 |a 303.62/0973  |2 19 
082 0 4 |a 301.6/33/0973 
100 1 |a Graham, Hugh D.  |q (Hugh Davis),  |d 1936- 
245 1 0 |a Violence in America :  |b historical & comparative perspectives /  |c Hugh Davis Graham, Ted Robert Gurr, editors ; pref. by Milton S. Eisenhower. 
250 |a Rev. ed. 
260 |a Beverly Hills, Calif. :  |b Sage Publications,  |c c1979. 
300 |a 528 p. :  |b ill. ;  |c 23 cm. 
500 |a Commonly known as the Graham report. 
500 |a Report of the Task Force on Historical and Comparative Perspectives to the National Commission on the Causes and Prevention of Violence. 
504 |a Includes bibliographical references and index. 
650 0 |a Violence  |z United States. 
700 1 |a Gurr, Ted Robert,  |d 1936- 
710 1 |a United States.  |b National Commission on the Causes and Prevention of Violence.  |b Task Force on Historical and Comparative Perspectives. 
710 1 |a United States.  |b National Commission on the Causes and Prevention of Violence. 
740 0 |a Graham report on violence in America. 
852 8 |b CARM  |h A1:AN21B0  |i B08799  |p 0413277  |f BK 
999 f f |i 5d2c4edd-2c4a-5dfe-ab34-eddcba8f746a  |s e2465acf-03c1-5a48-a21a-8bc53b4bf011 
952 f f |p Can circulate  |a CAVAL  |b CAVAL  |c CAVAL  |d CARM 1 Store  |e B08799  |f A1:AN21B0  |h Other scheme  |i book  |m 0413277